| 000 | 00658nam a22001937a 4500 | ||
|---|---|---|---|
| 999 |
_c92540 _d92540 |
||
| 005 | 20230608153237.0 | ||
| 010 | _aENG-112518 ENG-137107 | ||
| 020 |
_a9789381904473 _c680.00 |
||
| 035 | _aEN-96050 EN-120639 | ||
| 037 | _bDBAD/PUB | ||
| 082 | _a327.58 | ||
| 245 | 0 | 0 |
_aThe state in Eurasia : _cedited by Anita Sengupta [and] Suchandana Chatterjee _blocal and global arenas / |
| 260 |
_aNew Delhi _bKW Publishers _c2013 |
||
| 270 |
_a4676/21, First Floor, Ansari Road, Daryaganj, _bNew Delhi _e110002 |
||
| 300 |
_axvi,283p. _c24cm(Hb) |
||
| 700 | _aSengupta, Anita | ||
| 700 | _aChatterjee, Suchandana | ||
| 942 |
_2ddc _cEN _mSTA _h327.58 |
||